[Event "University of Alberta op"]
[Site "Edmonton CAN"]
[Date "2005.05.08"]
[Round "4"]
[White "Reuter, Gerhard"]
[Black "Fokkema, Jerred"]
[Result "0-1"]
[WhiteElo "1823"]
[BlackElo "1739"]
[PlyCount "52"]
[GameId "2160767910968520"]
[EventDate "2005.05.07"]
[EventType "swiss"]
[EventRounds "5"]
[EventCountry "CAN"]
[SourceTitle "CBM 106 Extra"]
[Source "ChessBase"]
[SourceDate "2005.07.01"]
[SourceVersion "1"]
[SourceVersionDate "2005.07.01"]
[SourceQuality "1"]

1. Nf3 Nc6 2. e4 e5 3. Bc4 Bc5 4. c3 Nf6 5. d3 h6 6. b4 Be7 7. b5 Na5 8. Nxe5 Nxc4 9. Nxc4 d5 10. Ncd2 dxe4 11. dxe4 Qd3 12. Qe2 Qxe2+ 13. Kxe2 Bd7 14. a4 O-O-O 15. Ba3 Bxa3 16. Nxa3 Rhe8 17. f3 Nd5 18. Nab1 Nf4+ 19. Kf2 f5 20. Ra2 Be6 21. Rc2 fxe4 22. fxe4 Nd3+ 23. Kg3 Nc5 24. c4 Rd3+ 25. Kf4 Rf8+ 26. Ke5 Bg4 0-1

[Event "University of Alberta op"]
[Site "Edmonton CAN"]
[Date "2005.05.08"]
[Round "4"]
[White "Yearwood, Roy"]
[Black "Procyshyn, Jeff"]
[Result "1-0"]
[WhiteElo "2117"]
[BlackElo "1257"]
[PlyCount "73"]
[GameId "2160767910968521"]
[EventDate "2005.05.07"]
[EventType "swiss"]
[EventRounds "5"]
[EventCountry "CAN"]
[SourceTitle "CBM 106 Extra"]
[Source "ChessBase"]
[SourceDate "2005.07.01"]
[SourceVersion "1"]
[SourceVersionDate "2005.07.01"]
[SourceQuality "1"]

1. e4 Nf6 2. Nc3 e5 3. Bc4 Bc5 4. d3 O-O 5. Bg5 c6 6. Qf3 Qb6 7. O-O-O Ne8 8. Nge2 Kh8 9. Na4 Qb4 10. Nxc5 Qxc5 11. Bxf7 Nd6 12. Be7 Rxf7 13. Qxf7 Nxf7 14. Bxc5 d6 15. Be3 Na6 16. h3 Be6 17. f4 Nb4 18. a3 Na6 19. Rhf1 b6 20. Rf2 d5 21. d4 dxe4 22. dxe5 Nh6 23. g4 Bxg4 24. hxg4 Nxg4 25. Bd4 Nxf2 26. Bxf2 Kg8 27. Rd7 Nc5 28. Bxc5 bxc5 29. Kd2 a5 30. Ng3 Rf8 31. Ke3 c4 32. Kxe4 h6 33. Nf5 Rb8 34. e6 Kf8 35. Nd6 h5 36. e7+ Kg8 37. Rd8+ 1-0

[Event "University of Alberta op"]
[Site "Edmonton CAN"]
[Date "2005.05.08"]
[Round "5"]
[White "Karmali, Hafiz"]
[Black "Miller, Chris"]
[Result "1-0"]
[WhiteElo "1871"]
[BlackElo "1493"]
[PlyCount "25"]
[GameId "2160767910968524"]
[EventDate "2005.05.07"]
[EventType "swiss"]
[EventRounds "5"]
[EventCountry "CAN"]
[SourceTitle "CBM 106 Extra"]
[Source "ChessBase"]
[SourceDate "2005.07.01"]
[SourceVersion "1"]
[SourceVersionDate "2005.07.01"]
[SourceQuality "1"]

1. e4 Nf6 2. e5 Nd5 3. c4 Nb6 4. c5 Nd5 5. Bc4 e6 6. Nc3 Nxc3 7. dxc3 Bxc5 8. Qg4 Bf8 9. Bg5 f6 10. Bxf6 gxf6 11. Qh5+ Ke7 12. exf6+ Kd6 13. O-O-O+ 1-0

[Event "University of Alberta op"]
[Site "Edmonton CAN"]
[Date "2005.05.08"]
[Round "5"]
[White "Kazakevich, Alexander"]
[Black "Bertrand, Daryl"]
[Result "0-1"]
[WhiteElo "1591"]
[BlackElo "2010"]
[PlyCount "56"]
[GameId "2160767910968525"]
[EventDate "2005.05.07"]
[EventType "swiss"]
[EventRounds "5"]
[EventCountry "CAN"]
[SourceTitle "CBM 106 Extra"]
[Source "ChessBase"]
[SourceDate "2005.07.01"]
[SourceVersion "1"]
[SourceVersionDate "2005.07.01"]
[SourceQuality "1"]

1. e4 g6 2. f4 Bg7 3. Nf3 c6 4. d4 d5 5. e5 Qb6 6. c4 Bg4 7. Be3 Bxf3 8. gxf3 Qxb2 9. Nd2 Nh6 10. cxd5 Nf5 11. Nc4 Qc3+ 12. Kf2 O-O 13. Bd3 Nxe3 14. Kxe3 Bh6 15. d6 exd6 16. Nxd6 c5 17. Qc2 Qxd4+ 18. Ke2 Qxf4 19. Nc4 Nc6 20. Qd1 Nd4+ 21. Kf2 Qh4+ 22. Kg2 Ne6 23. Be4 Nf4+ 24. Kf1 Qh3+ 25. Kf2 Qg2+ 26. Ke3 Rfd8 27. Nd6 Qb2 28. Bc2 Qxe5+ 0-1

[Event "University of Alberta op"]
[Site "Edmonton CAN"]
[Date "2005.05.08"]
[Round "5"]
[White "Kazakevich, Anastasia"]
[Black "Tot, Nandor"]
[Result "1-0"]
[WhiteElo "1999"]
[BlackElo "1921"]
[PlyCount "113"]
[GameId "2160767910968526"]
[EventDate "2005.05.07"]
[EventType "swiss"]
[EventRounds "5"]
[EventCountry "CAN"]
[SourceTitle "CBM 106 Extra"]
[Source "ChessBase"]
[SourceDate "2005.07.01"]
[SourceVersion "1"]
[SourceVersionDate "2005.07.01"]
[SourceQuality "1"]

1. d4 Nf6 2. c4 e6 3. Nc3 Bb4 4. Qc2 d5 5. e3 O-O 6. Nf3 Nbd7 7. Bd3 h6 8. O-O c5 9. cxd5 exd5 10. b3 Re8 11. Bb2 cxd4 12. Nxd4 a6 13. a3 Bf8 14. Rfd1 Nc5 15. Be2 Nce4 16. Bf3 Ng5 17. h3 Nxf3+ 18. Nxf3 Be6 19. Rac1 Qe7 20. Nd4 g6 21. Nxe6 Qxe6 22. Qd3 Rad8 23. Ne2 Bd6 24. Qd4 Be5 25. Qxe5 Qxe5 26. Bxe5 Rxe5 27. Rc7 b5 28. Rc6 Re6 29. Rdc1 Red6 30. Nd4 Kf8 31. Kf1 Ke7 32. Rc7+ R8d7 33. Nc6+ Ke6 34. Rxd7 Nxd7 35. Ke2 Ne5 36. Nd4+ Ke7 37. Rc7+ Nd7 38. Rc6 Rxc6 39. Nxc6+ Kd6 40. Nd4 Nc5 41. f3 h5 42. g4 Ne6 43. Nxe6 fxe6 44. f4 hxg4 45. hxg4 Kc5 46. Kd3 a5 47. Kc3 b4+ 48. axb4+ axb4+ 49. Kd3 Kc6 50. Kd4 Kd6 51. g5 Kc6 52. Ke5 Kc5 53. Kf6 d4 54. exd4+ Kxd4 55. Kxg6 Kc3 56. Kf7 Kxb3 57. g6 1-0

[Event "University of Alberta op"]
[Site "Edmonton CAN"]
[Date "2005.05.08"]
[Round "5"]
[White "MacKinnon, Keith"]
[Black "Reuter, Gerhard"]
[Result "1/2-1/2"]
[WhiteElo "1591"]
[BlackElo "1823"]
[PlyCount "85"]
[GameId "2160767910968527"]
[EventDate "2005.05.07"]
[EventType "swiss"]
[EventRounds "5"]
[EventCountry "CAN"]
[SourceTitle "CBM 106 Extra"]
[Source "ChessBase"]
[SourceDate "2005.07.01"]
[SourceVersion "1"]
[SourceVersionDate "2005.07.01"]
[SourceQuality "1"]

1. e4 e5 2. Nf3 Nc6 3. Bb5 Nf6 4. O-O Nxe4 5. d4 Nd6 6. Bxc6 dxc6 7. dxe5 Ne4 8. Qxd8+ Kxd8 9. Ng5 Nxg5 10. Bxg5+ Be7 11. Bxe7+ Kxe7 12. f4 Bf5 13. Rf2 Rad8 14. Nc3 Rd4 15. Kf1 Rhd8 16. Ke1 Ke6 17. h3 h5 18. Rd1 a6 19. Rfd2 c5 20. Ne2 R4d5 21. Nc3 Rxd2 22. Rxd2 Rd4 23. Ne2 Rd5 24. Nc3 Rd4 25. Ne2 Rxd2 26. Kxd2 b5 27. Ng3 Bg6 28. h4 c4 29. a3 c5 30. Kc3 f6 31. exf6 gxf6 32. Kd2 b4 33. c3 a5 34. Ke3 Kd5 35. f5 Be8 36. Ne4 Ke5 37. Nxc5 Kxf5 38. g3 Bc6 39. cxb4 axb4 40. axb4 Ke5 41. Na6 Bd7 42. Nc5 Bc6 43. Na6 1/2-1/2

[Event "University of Alberta op"]
[Site "Edmonton CAN"]
[Date "2005.05.08"]
[Round "5"]
[White "Procyshyn, Jeff"]
[Black "Bullerkist, Caitlin"]
[Result "0-1"]
[WhiteElo "1257"]
[BlackElo "1058"]
[PlyCount "146"]
[GameId "2160767910968529"]
[EventDate "2005.05.07"]
[EventType "swiss"]
[EventRounds "5"]
[EventCountry "CAN"]
[SourceTitle "CBM 106 Extra"]
[Source "ChessBase"]
[SourceDate "2005.07.01"]
[SourceVersion "1"]
[SourceVersionDate "2005.07.01"]
[SourceQuality "1"]

1. Nf3 Nc6 2. g3 e5 3. e4 Nf6 4. d3 h6 5. Bg2 Bc5 6. O-O O-O 7. Nc3 d6 8. Nh4 Be6 9. Nf5 Bxf5 10. exf5 Qd7 11. Ne4 Qxf5 12. Nxc5 dxc5 13. b3 Rad8 14. Ba3 e4 15. Bxc5 Qxc5 16. Kh1 Nb4 17. a3 Nc6 18. Qc1 exd3 19. cxd3 Qxc1 20. Raxc1 Rxd3 21. b4 Rxa3 22. b5 Nd4 23. Rxc7 Nxb5 24. Rxb7 Nd6 25. Rbb1 Ra2 26. Ra1 Re2 27. Rxa7 Rb8 28. Bf3 Rd2 29. Kg2 Kh7 30. h3 Rb3 31. Bd1 Rb1 32. Bc2+ Rxc2 33. Rxb1 Nfe4 34. Rf1 g5 35. Kg1 Nd2 36. Rd1 Kg7 37. Rd7 N6c4 38. Rc7 Nf3+ 39. Kg2 Nfe5 40. Kh1 g4 41. h4 Rc3 42. Rd4 Rc1+ 43. Kg2 Ne3+ 44. fxe3 Rxc7 45. Re4 Rc2+ 46. Kf1 Kf6 47. Rf4+ Ke6 48. e4 h5 49. Rf2 Rc1+ 50. Ke2 Rc2+ 51. Ke3 Rxf2 52. Kxf2 f5 53. Ke3 fxe4 54. Kxe4 Ng6 55. Ke3 Ke5 56. Kf2 Ne7 57. Ke3 Ng6 58. Kf2 Ke4 59. Ke2 Ne5 60. Kf2 Nd3+ 61. Ke2 Nc1+ 62. Kf2 Nd3+ 63. Ke2 Nc5 64. Kf2 Kd3 65. Kg2 Ne4 66. Kh2 Ke3 67. Kg2 Ke2 68. Kh2 Kf3 69. Kh1 Kxg3 70. Kg1 Nc5 71. Kh1 Kf2 72. Kh2 g3+ 73. Kh1 g2+ 0-1

[Event "University of Alberta op"]
[Site "Edmonton CAN"]
[Date "2005.05.08"]
[Round "5"]
[White "Reichert, Wayne"]
[Black "O'Brien, Sandy"]
[Result "1-0"]
[WhiteElo "1271"]
[BlackElo "1559"]
[PlyCount "79"]
[GameId "2160767910968530"]
[EventDate "2005.05.07"]
[EventType "swiss"]
[EventRounds "5"]
[EventCountry "CAN"]
[SourceTitle "CBM 106 Extra"]
[Source "ChessBase"]
[SourceDate "2005.07.01"]
[SourceVersion "1"]
[SourceVersionDate "2005.07.01"]
[SourceQuality "1"]

1. d4 Nf6 2. c4 e6 3. Nf3 d5 4. Bg5 Be7 5. a3 O-O 6. Nc3 c6 7. e3 h6 8. Bh4 Re8 9. Bd3 c5 10. Qc2 cxd4 11. exd4 Nbd7 12. O-O Qc7 13. Bg3 Bd6 14. Nb5 Qc6 15. Nxd6 Re7 16. c5 a6 17. Nxc8 Rxc8 18. Bd6 Ree8 19. b4 Nb8 20. Ne5 Qd7 21. Nxd7 Nbxd7 22. Rfe1 Ra8 23. f3 Rac8 24. Qe2 Rc6 25. Bg3 Ra8 26. Bf2 Nh5 27. g3 Nhf6 28. h4 b5 29. g4 Ra7 30. Qd2 Ra8 31. a4 Re8 32. axb5 axb5 33. Bxb5 Rc7 34. c6 Nb8 35. Rac1 Rec8 36. Bg3 Re7 37. Bxb8 Rxb8 38. Bd3 Rc7 39. b5 Ne8 40. Qb4 1-0

[Event "University of Alberta op"]
[Site "Edmonton CAN"]
[Date "2005.05.08"]
[Round "5"]
[White "Siwila, Gift"]
[Black "Duggan, Kyle"]
[Result "1-0"]
[WhiteElo "1627"]
[BlackElo "1873"]
[PlyCount "93"]
[GameId "2160767910968531"]
[EventDate "2005.05.07"]
[EventType "swiss"]
[EventRounds "5"]
[EventCountry "CAN"]
[SourceTitle "CBM 106 Extra"]
[Source "ChessBase"]
[SourceDate "2005.07.01"]
[SourceVersion "1"]
[SourceVersionDate "2005.07.01"]
[SourceQuality "1"]

1. e4 e6 2. d4 d5 3. e5 c5 4. Nf3 a6 5. c3 Qb6 6. Bd3 Nc6 7. O-O Bd7 8. Bc2 Be7 9. Re1 O-O-O 10. b3 Nh6 11. Ba3 Nf5 12. dxc5 Bxc5 13. Bxc5 Qxc5 14. Ng5 Qe7 15. Nf3 Qc5 16. b4 Qb6 17. a4 d4 18. a5 Qa7 19. Bxf5 exf5 20. Nxd4 Nxd4 21. cxd4 Be6 22. Na3 Rxd4 23. Qc2+ Kb8 24. b5 Ka8 25. b6 Qb8 26. Qc3 Rhd8 27. h3 R8d7 28. Nc2 Rd3 29. Qc5 R7d5 30. Qe7 Rd7 31. Qg5 g6 32. Re3 R3d5 33. Qg3 Qc8 34. Nb4 Rd1+ 35. Rxd1 Rxd1+ 36. Kh2 Qc4 37. Nd3 Rd2 38. Nf4 Bd7 39. Rd3 Rxd3 40. Nxd3 Qc3 41. Qg5 Kb8 42. Qe7 Be6 43. Nc5 Qxe5+ 44. g3 Qd5 45. Qc7+ Ka8 46. Nxe6 Qxe6 47. Qd8+ 1-0

[Event "VSGP Spring op"]
[Site "Vancouver CAN"]
[Date "2005.05.28"]
[Round "2"]
[White "Yip, Michael"]
[Black "Jiang, Louie"]
[Result "0-1"]
[WhiteElo "2026"]
[BlackElo "1806"]
[PlyCount "164"]
[GameId "2160767910968196"]
[EventDate "2005.05.27"]
[EventType "swiss"]
[EventRounds "4"]
[EventCountry "CAN"]

1. d4 d5 2. c4 e6 3. Nc3 Nf6 4. Bg5 Nbd7 5. e3 c6 6. Nf3 Be7 7. Rc1 O-O 8. Bd3 h6 9. Bh4 Re8 10. O-O b6 11. cxd5 exd5 12. Qe2 Bb7 13. Rfd1 Ne4 14. Bxe7 Nxc3 15. Rxc3 Qxe7 16. Ba6 Nf6 17. Bxb7 Qxb7 18. Rdc1 Rac8 19. b4 Ne4 20. R3c2 f6 21. Qd3 Qd7 22. a4 Qd6 23. Qb3 Kh8 24. h3 Red8 25. a5 Qd7 26. Ne1 Nd6 27. Nd3 Nc4 28. axb6 axb6 29. Ra1 Ra8 30. Rca2 Qe8 31. Ra7 Na5 32. bxa5 Rxa7 33. Qxb6 Rda8 34. a6 Qc8 35. Nc5 Qc7 36. Qb1 Qc8 37. Qd3 Kg8 38. Ra3 Kh8 39. Kh2 Qc7+ 40. g3 Qc8 41. Kg2 Kg8 42. h4 Kh8 43. Rb3 Rxa6 44. Nxa6 Rxa6 45. Qb1 Ra8 46. Rb7 c5 47. dxc5 Qxc5 48. Qg6 Rg8 49. Qf7 d4 50. Rc7 Qb6 51. e4 d3 52. Rd7 Qb4 53. Kf3 d2 54. Qd5 Re8 55. Kg2 Qxe4+ 56. Qxe4 Rxe4 57. Rxd2 Kh7 58. Rd5 Kg6 59. Kf3 Re5 60. Rxe5 fxe5 61. Ke4 Kf6 62. g4 Ke6 63. h5 Kf6 64. Kd5 Kg5 65. Kxe5 Kxg4 66. f4 Kxh5 67. Kf5 g5 68. Ke4 g4 69. f5 Kg5 70. Ke5 g3 71. f6 g2 72. f7 g1=Q 73. f8=Q Qe1+ 74. Kd5 Qd2+ 75. Kc6 Qc3+ 76. Kb7 Qb2+ 77. Ka8 Qa2+ 78. Kb8 Qb3+ 79. Ka8 Qa4+ 80. Kb7 Qb5+ 81. Ka8 Qa4+ 82. Kb8 Qf4+ 0-1

[Event "VSGP Spring op"]
[Site "Vancouver CAN"]
[Date "2005.05.29"]
[Round "3"]
[White "Daswani, Benedict"]
[Black "Yip, Michael"]
[Result "1/2-1/2"]
[WhiteElo "1945"]
[BlackElo "2026"]
[PlyCount "34"]
[GameId "2160767910968197"]
[EventDate "2005.05.27"]
[EventType "swiss"]
[EventRounds "4"]
[EventCountry "CAN"]

1. g3 d5 2. d3 Nf6 3. Bg2 g6 4. Nc3 Bg7 5. e4 dxe4 6. dxe4 Qxd1+ 7. Nxd1 Nc6 8. Ne2 e5 9. O-O O-O 10. Ne3 Nd4 11. Nxd4 exd4 12. Nd5 Nxd5 13. exd5 Bf5 14. Bf4 Bxc2 15. Bxc7 d3 16. d6 Bxb2 17. Bxb7 Bxa1 1/2-1/2

[Event "VSGP Spring op"]
[Site "Vancouver CAN"]
[Date "2005.05.29"]
[Round "4"]
[White "Ingram, Richard"]
[Black "Yip, Michael"]
[Result "1/2-1/2"]
[WhiteElo "2068"]
[BlackElo "2026"]
[PlyCount "134"]
[GameId "2160767910968198"]
[EventDate "2005.05.27"]
[EventType "swiss"]
[EventRounds "4"]
[EventCountry "CAN"]

1. e4 c5 2. Nc3 Nc6 3. Nf3 d6 4. Bb5 e5 5. d3 Be7 6. h3 Nf6 7. O-O a6 8. Bc4 b5 9. Bb3 O-O 10. Bg5 Be6 11. Bxf6 Bxf6 12. Nd5 Nd4 13. Nxd4 cxd4 14. a4 Bg5 15. axb5 axb5 16. Rxa8 Qxa8 17. Nc7 Qc8 18. Nxe6 fxe6 19. Qg4 Qd8 20. Qxe6+ Kh8 21. Ra1 Qb6 22. Qd5 g6 23. Ra8 Bd8 24. f4 exf4 25. e5 Qc5 26. exd6 Qxd5 27. Bxd5 Kg7 28. Ra7+ Kf6 29. Rxh7 Ke5 30. Bc6 Kxd6 31. Bxb5 Bf6 32. Ba6 Ra8 33. Rf7 Ke5 34. Bb7 Ra1+ 35. Kf2 Rc1 36. Rc7 Rb1 37. Be4 g5 38. Kf3 Rxb2 39. Rc5+ Kd6 40. Rc6+ Ke5 41. Kg4 Rb8 42. Bf5 Re8 43. Bg6 Re7 44. Be4 Re8 45. c4 dxc3 46. Rxc3 Rd8 47. Rc5+ Kd4 48. Rf5 Rd6 49. Ra5 Ke3 50. Rxg5 Bxg5 51. Kxg5 Rd8 52. h4 Rg8+ 53. Bg6 Kd4 54. h5 Ke5 55. d4+ Kxd4 56. Kxf4 Kc5 57. Kg5 Kd6 58. Kf6 Rf8+ 59. Kg7 Rf2 60. g4 Rg2 61. Bf5 Ke5 62. h6 Ra2 63. Bg6 Kf4 64. h7 Ra8 65. Bf7 Kg5 66. Bg8 Ra7+ 67. Bf7 Ra8 1/2-1/2

[Event "VSGP Winter op"]
[Site "Vancouver CAN"]
[Date "2005.02.13"]
[Round "4"]
[White "Daswani, Benedict"]
[Black "Chan, James"]
[Result "1-0"]
[WhiteElo "1928"]
[BlackElo "1940"]
[PlyCount "65"]
[GameId "2160767910965764"]
[EventDate "2005.02.12"]
[EventType "swiss"]
[EventRounds "4"]
[EventCountry "CAN"]

1. g3 d5 2. d3 Nf6 3. Bg2 c6 4. Nc3 Bg4 5. f4 e6 6. Nh3 Nbd7 7. Nf2 Bh5 8. h3 Bc5 9. O-O Qc7 10. Qe1 O-O-O 11. e4 Bg6 12. a3 h6 13. b4 Bd4 14. Be3 Bxe3 15. Qxe3 Qb6 16. Qe1 Bh7 17. b5 Nb8 18. Rb1 Qc7 19. Na4 b6 20. c4 c5 21. d4 Kd7 22. dxc5 bxc5 23. Nd3 dxe4 24. Ndxc5+ Ke7 25. Nxe4 Nxe4 26. Bxe4 Qd6 27. Bxh7 Rxh7 28. Kh2 Qd4 29. Qb4+ Kf6 30. Rbd1 Qxd1 31. Rxd1 Rxd1 32. Qc3+ Ke7 33. Qc2 1-0

[Event "VSGP Winter op"]
[Site "Vancouver CAN"]
[Date "2005.02.13"]
[Round "4"]
[White "Milicevic, Dragoljub"]
[Black "Davies, Lucas"]
[Result "1/2-1/2"]
[WhiteElo "2103"]
[BlackElo "2151"]
[PlyCount "86"]
[GameId "2160767911027205"]
[EventDate "2005.02.12"]
[EventType "swiss"]
[EventRounds "4"]
[EventCountry "CAN"]

1. Nf3 g6 2. g3 Bg7 3. d4 d6 4. Bg2 Nf6 5. c4 O-O 6. O-O c5 7. Nc3 Nc6 8. dxc5 dxc5 9. Be3 Be6 10. Bxc5 Qa5 11. Ba3 Bxc4 12. Nd4 Rfd8 13. Nxc6 bxc6 14. Qc2 Nd5 15. Ne4 Bb5 16. Nc5 Rab8 17. Rfd1 Qc7 18. Na6 Bxa6 19. Rxd5 Rxd5 20. Bxd5 Rd8 21. Bf3 e6 22. Rc1 Bb5 23. Bb4 Rd4 24. Qc5 Qb6 25. a3 Qxc5 26. Bxc5 Rd2 27. b3 Bb2 28. Re1 a5 29. a4 Ba6 30. Be3 Rd6 31. Bc5 Rd2 32. Bb6 Bc3 33. Rc1 Bb4 34. Rxc6 Bxe2 35. Bxe2 Rxe2 36. Rc8+ Kg7 37. Ra8 Re1+ 38. Kg2 Rb1 39. Bxa5 Bxa5 40. Rxa5 Rxb3 41. Rb5 Ra3 42. Rb4 h5 43. h3 f5 1/2-1/2

[Event "Valeria's Master RR"]
[Site "Victoria CAN"]
[Date "2005.03.11"]
[Round "1.1"]
[White "Yoos, John"]
[Black "Meng, Fanhao"]
[Result "1-0"]
[WhiteElo "2407"]
[BlackElo "2251"]
[PlyCount "77"]
[GameId "2160767910965483"]
[EventDate "2005.03.12"]
[EventType "tourn"]
[EventRounds "5"]
[EventCountry "CAN"]

1. g3 d5 2. Bg2 e5 3. c4 dxc4 4. Qa4+ c6 5. Qxc4 Be6 6. Qc2 Nd7 7. Nf3 Bc5 8. O-O f6 9. Nc3 Ne7 10. Ne4 Qb6 11. Nxc5 Qxc5 12. Qd1 O-O 13. d4 Qd6 14. dxe5 Qxd1 15. Rxd1 Nxe5 16. Nxe5 fxe5 17. Rd6 Kf7 18. Rd1 Rfd8 19. Bd2 Bc4 20. Bf1 Nf5 21. b3 Ba6 22. Bc3 Nd4 23. Rd2 Rd6 24. Kg2 Rad8 25. Rad1 Ke6 26. f4 Bxe2 27. Bxe2 Nxe2 28. f5+ Ke7 29. Rxd6 Rxd6 30. Bb4 Nd4 31. Re1 Kd7 32. Bxd6 Kxd6 33. g4 c5 34. Rf1 Ke7 35. g5 h6 36. f6+ gxf6 37. gxh6 Kf7 38. h7 Kg7 39. Rxf6 1-0

[Event "Valeria's Master RR"]
[Site "Victoria CAN"]
[Date "2005.03.11"]
[Round "1.2"]
[White "Wu, Howard"]
[Black "Gansvind, Valeriya"]
[Result "0-1"]
[WhiteElo "2185"]
[BlackElo "2297"]
[PlyCount "90"]
[GameId "2160767910965484"]
[EventDate "2005.03.12"]
[EventType "tourn"]
[EventRounds "5"]
[EventCountry "CAN"]

1. e4 c5 2. Nf3 e6 3. d4 cxd4 4. Nxd4 a6 5. c4 Nf6 6. Nc3 d6 7. Be2 Be7 8. O-O Qc7 9. Nb3 Nbd7 10. Bf4 b6 11. Rc1 Bb7 12. f3 O-O 13. Kh1 Ne5 14. Qd2 Rac8 15. Be3 Rfe8 16. Rfd1 Bf8 17. Na4 Ned7 18. Bf4 e5 19. Bg5 h6 20. Bxf6 Nxf6 21. Qe3 Nd7 22. Nc3 Qb8 23. Nd5 Bc6 24. g3 a5 25. Bf1 a4 26. Na1 b5 27. cxb5 Bxb5 28. Bxb5 Qxb5 29. Nc7 Rxc7 30. Rxc7 Nc5 31. b3 Qa5 32. Rc6 Qb5 33. Rc7 Qb6 34. Rxc5 dxc5 35. Nc2 Rb8 36. Rd3 Qa6 37. Kg2 c4 38. bxc4 Qxc4 39. Rc3 Qxa2 40. Qa7 Rd8 41. Kh3 Rd2 42. Qc7 Qe6+ 43. g4 Qf6 44. Ne1 a3 45. Qb8 Qa6 0-1

[Event "Valeria's Master RR"]
[Site "Victoria CAN"]
[Date "2005.03.11"]
[Round "1.3"]
[White "Moore, Harry"]
[Black "Martinovsky, Ian"]
[Result "1/2-1/2"]
[WhiteElo "2285"]
[BlackElo "2224"]
[PlyCount "64"]
[GameId "2160767910965485"]
[EventDate "2005.03.12"]
[EventType "tourn"]
[EventRounds "5"]
[EventCountry "CAN"]

1. e4 d6 2. d4 Nf6 3. Nc3 e5 4. dxe5 dxe5 5. Qxd8+ Kxd8 6. Bc4 Be6 7. Bxe6 fxe6 8. Bg5 Nbd7 9. O-O-O Bd6 10. Nf3 g6 11. Nd2 h6 12. Bh4 Ke7 13. Nc4 g5 14. Bg3 b5 15. Nxd6 cxd6 16. f3 Rac8 17. Bf2 Nc5 18. h4 g4 19. Be3 b4 20. Ne2 d5 21. exd5 Nxd5 22. Bxc5+ Rxc5 23. fxg4 Rhc8 24. Rd2 Ne3 25. c3 Nxg4 26. Kb1 a5 27. cxb4 axb4 28. Rc1 Rxc1+ 29. Nxc1 Rc4 30. b3 Rf4 31. Nd3 Rf1+ 32. Kc2 Ne3+ 1/2-1/2

[Event "Valeria's Master RR"]
[Site "Victoria CAN"]
[Date "2005.03.12"]
[Round "2.1"]
[White "Meng, Fanhao"]
[Black "Martinovsky, Ian"]
[Result "1-0"]
[WhiteElo "2251"]
[BlackElo "2224"]
[PlyCount "167"]
[GameId "2160767910965486"]
[EventDate "2005.03.12"]
[EventType "tourn"]
[EventRounds "5"]
[EventCountry "CAN"]

1. e4 g6 2. d4 Bg7 3. Be3 d5 4. exd5 Qxd5 5. Nf3 Nf6 6. Be2 O-O 7. O-O c6 8. c3 Nbd7 9. Nbd2 Qa5 10. Nb3 Qc7 11. Qd2 Ne4 12. Qc2 Nd6 13. Bf4 c5 14. Rac1 c4 15. Nbd2 Nb6 16. b3 Bf5 17. Qb2 cxb3 18. axb3 Nd5 19. Bg3 Qd8 20. Ne5 e6 21. Bf3 f6 22. Nec4 Nf7 23. h4 Bh6 24. Rfe1 Qd7 25. Ne3 Nf4 26. Bxf4 Bxf4 27. Nxf5 gxf5 28. Rcd1 Kh8 29. Nc4 Rac8 30. Qc2 Rg8 31. Nb2 Bb8 32. Nd3 b6 33. Re3 Qd6 34. Kf1 Rce8 35. g3 Qd7 36. Qe2 Nh6 37. Re1 e5 38. dxe5 f4 39. Nxf4 Bxe5 40. Nd3 Nf5 41. Re4 Ref8 42. Nxe5 fxe5 43. Kg2 h5 44. Kh2 Qg7 45. Rg1 Qf6 46. Rxe5 Nxg3 47. fxg3 Qxf3 48. Rxh5+ Kg7 49. Qe5+ Qf6 50. Rg5+ Kh7 51. Qxf6 Rxf6 52. Rxg8 Kxg8 53. Kh3 Rc6 54. c4 Kg7 55. Kg4 Rd6 56. Rf1 a6 57. Rf3 b5 58. cxb5 axb5 59. b4 Kg6 60. Rf4 Rd5 61. Re4 Kh6 62. Kf4 Kg6 63. g4 Kf6 64. h5 Rd1 65. g5+ Kf7 66. Kf5 Rf1+ 67. Rf4 Re1 68. g6+ Kg7 69. Kg5 Rg1+ 70. Rg4 Rh1 71. Rh4 Rg1+ 72. Kf5 Rf1+ 73. Ke5 Rd1 74. h6+ Kh8 75. Rf4 Rd8 76. Rf7 Kg8 77. Re7 Rc8 78. Kf6 Rc6+ 79. Re6 Rc8 80. Rb6 Rf8+ 81. Kg5 Rd8 82. Rxb5 Kh8 83. h7 Rf8 84. Kh6 1-0

[Event "Valeria's Master RR"]
[Site "Victoria CAN"]
[Date "2005.03.12"]
[Round "2.2"]
[White "Gansvind, Valeriya"]
[Black "Moore, Harry"]
[Result "1/2-1/2"]
[WhiteElo "2297"]
[BlackElo "2285"]
[PlyCount "73"]
[GameId "2160767910965487"]
[EventDate "2005.03.12"]
[EventType "tourn"]
[EventRounds "5"]
[EventCountry "CAN"]

1. d4 g6 2. c4 Bg7 3. Nc3 Nf6 4. g3 O-O 5. Bg2 d6 6. Nf3 Nbd7 7. h3 e5 8. Be3 c6 9. dxe5 dxe5 10. O-O Qe7 11. Qc1 e4 12. Nd2 Nb6 13. Bd4 Rd8 14. Bxf6 Qxf6 15. Ndxe4 Qe5 16. c5 Nd5 17. Rd1 Bf5 18. Qd2 Rf8 19. f4 Qe7 20. Nxd5 cxd5 21. Nd6 Be4 22. Qe3 Bxb2 23. Rab1 Qf6 24. Bxe4 dxe4 25. Nc4 Bc3 26. Rb3 Ba1 27. Rbb1 Bc3 28. Kh2 Rad8 29. Nd6 b6 30. Nxe4 Qe7 31. Rxd8 Rxd8 32. cxb6 axb6 33. Qf3 Bd4 34. Rd1 f5 35. Ng5 h6 36. Qb3+ Kh8 37. Nf7+ 1/2-1/2

[Event "Valeria's Master RR"]
[Site "Victoria CAN"]
[Date "2005.03.12"]
[Round "2.3"]
[White "Yoos, John"]
[Black "Wu, Howard"]
[Result "1-0"]
[WhiteElo "2407"]
[BlackElo "2185"]
[PlyCount "49"]
[GameId "2160767910965488"]
[EventDate "2005.03.12"]
[EventType "tourn"]
[EventRounds "5"]
[EventCountry "CAN"]

1. e4 c5 2. Nf3 Nc6 3. d4 cxd4 4. Nxd4 Nf6 5. Nc3 d6 6. Bg5 e6 7. Qd2 a6 8. O-O-O Bd7 9. f4 b5 10. Bxf6 gxf6 11. Nxc6 Bxc6 12. Qe1 Qb6 13. Nd5 Bxd5 14. exd5 e5 15. Qe4 Rc8 16. Kb1 Be7 17. Be2 Rc7 18. Rhf1 h6 19. fxe5 fxe5 20. Rxf7 Bg5 21. Rxc7 Qxc7 22. h4 Bf6 23. Rf1 Rf8 24. Qg6+ Qf7 25. Rxf6 1-0

[Event "Valeria's Master RR"]
[Site "Victoria CAN"]
[Date "2005.03.12"]
[Round "3.1"]
[White "Wu, Howard"]
[Black "Meng, Fanhao"]
[Result "1-0"]
[WhiteElo "2185"]
[BlackElo "2251"]
[PlyCount "91"]
[GameId "2160767910965489"]
[EventDate "2005.03.12"]
[EventType "tourn"]
[EventRounds "5"]
[EventCountry "CAN"]

1. e4 g6 2. d4 Bg7 3. Nc3 d6 4. Nf3 Nc6 5. Be3 Nf6 6. h3 O-O 7. Bd3 e5 8. dxe5 Nxe5 9. Nxe5 dxe5 10. O-O b6 11. Qe2 Qe7 12. Bg5 c6 13. Rad1 h6 14. Bxf6 Bxf6 15. Bc4 b5 16. Bb3 Bb7 17. Qg4 Rfd8 18. Qxg6+ Bg7 19. Qh5 a6 20. a4 Rd4 21. axb5 axb5 22. Ne2 Rd7 23. Ng3 Rad8 24. Nf5 Qf6 25. Rxd7 Rxd7 26. Qg4 Bc8 27. Ra1 Rd8 28. Ra7 Bxf5 29. exf5 Rf8 30. Qg6 b4 31. Rc7 e4 32. Rxc6 Qxb2 33. f6 Qc1+ 34. Kh2 Qf4+ 35. Qg3 Qxg3+ 36. Kxg3 Bh8 37. Kf4 Kh7 38. Bd5 Rb8 39. Bxe4+ Kg8 40. Kg4 Re8 41. f3 Kf8 42. Ra6 Re6 43. Ra8+ Re8 44. Kf5 h5 45. g4 hxg4 46. fxg4 1-0